| 000 | 01313nam a2200229 a 4500 | ||
|---|---|---|---|
| 001 | 000031048 | ||
| 003 | DO-SdBNP | ||
| 005 | 20241206085813.0 | ||
| 007 | ta | ||
| 008 | 110613s2008 dr a 000 0 spa d | ||
| 040 |
_aDO-SdBNP _bspa _cBNPHU |
||
| 049 | _aBNPD | ||
| 082 | 4 |
_222 _bR426s |
|
| 110 | 1 |
_aRepública Dominicana. _bSecretaría de Estado de la Mujer _938238 |
|
| 245 | 1 | 0 |
_aSerie "capacitación básica en género, VIH y sida" para multiplicadoras comunitarias. / _cIndiana Barinas, edición y coordinación general. |
| 260 |
_aSanto Domingo: _bSecretaría de Estado de la Mujer, _c2008. |
||
| 300 |
_a8 v. : _bil. ; _c23 cm. |
||
| 505 | 0 |
_gCuadernillo no. 1 _t¿Como usar esta serie? -- _gCuadernillo no. 2 _t¿Qué es sexo y que es género? -- _gCuadernillo no. 3 _t¿Qué son el VIH y el SIDA? -- _gCuadernillo no. 4 _tGénero, VHI y SIDA -- _gCuadernillo no. 5 _t¿Qué podemos hacer para prevenir el VIH y el SIDA? -- _gCuadernillo no. 6 _t¿Cuáles leyes garantizan mis derechos en VIH SIDA? -- _gCuadernillo no. 7 _tSi soy VIH positiva, ¿qué puedo hacer? -- _gCuadernillo no. 8 _t¿Qué puedo hacer con esta información sobre VIH y SIDA |
|
| 590 | _aInventariado 2021 / MF | ||
| 710 | 1 |
_aRepública Diminicana. _bPresidencia de la República, _bSecretaría de Estado de la Mujer _957529 |
|
| 942 |
_2ddc _cLF2 |
||
| 999 |
_c30540 _d30540 |
||